LEADER 01055nam0-2200349---450- 001 990009661470403321 005 20130116160616.0 010 $a978-88-400-1515-6 035 $a000966147 035 $aFED01000966147 035 $a(Aleph)000966147FED01 035 $a000966147 100 $a20130104d2011----km-y0itay50------ba 101 0 $aita 102 $aIT 105 $aa-------001yy 200 1 $aCostruire un nemico$estudi di storia della propaganda di guerra$fa cura di Nicola Labanca, Camillo Zadra 210 $aMilano$cUNICOPLI$d2011 215 $aXXV, 244$cill.$d24 cm 225 1 $aCollana del Centro interuniversitario di studi e ricerche storico-militari$v11 610 0 $aGuerra 610 0 $aPropaganda di guerra 676 $a303.6$v22$zita 702 1$aLabanca,$bNicola$f<1957- > 702 1$aZadra,$bCamillo 801 0$aIT$bUNINA$gREICAT$2UNIMARC 901 $aBK 912 $a990009661470403321 952 $aCollez. 2312 (11)$b49380$fFSPBC 959 $aFSPBC 996 $aCostruire un nemico$9840758 997 $aUNINA